| 000 | nam a22 a 4500 | ||
|---|---|---|---|
| 999 |
_c168175 _d168175 |
||
| 003 | BLK | ||
| 005 | 20221025154431.0 | ||
| 008 | 180411b bul|||||r ||||||| ||bul|| | ||
| 010 | _aKNG00176049000 | ||
| 040 | _aBLK | ||
| 041 |
_aBUL _cBUL |
||
| 080 |
_aБългарска литература _b821.163.2 _x-312.6 _z821.163.2-312.6 |
||
| 080 |
_aВъзраждане _b94(497.2)"17/18" _x(092)(0:82-31) _z94(497.2)"17/18"(092)(0:82-31) |
||
| 080 |
_aГеорги Мамарчев Буюклиу. Български революционер, капитан от руската армия _b929 Мамарчев, Георги Стойков _z929 Мамарчев, Георги Стойков |
||
| 100 | 1 |
_aКалчев, Камен _eпърви автор _gКалчев, Петър Митев _9367490 |
|
| 139 |
_aКалчев, Камен _bК 20 |
||
| 245 | 1 | 0 |
_aСмелият капитан _bроманизована биогр. на капитан Георги Мамарчев _cКамен Калчев; * Петър Митев Калчев; худож. Христо Нейков Нейков. |
| 250 | _a6. изд. | ||
| 257 | _aBGR | ||
| 260 |
_bНар. младеж _c1977 _aСофия |
||
| 300 |
_a263 с. _bс ил. _c21 см |
||
| 380 | _aX | ||
| 490 |
_aБиблиотека Любими книги и герои _v80 _9202134 |
||
| 500 | _aИстинското име на авт. е Петър Митев Калчев. - 1. изд. 1958. - | ||
| 600 | 1 | 4 |
_aМамарчев, Георги Стойков _9223911 |
| 650 | 4 |
_aМамарчев, Георги Стойков _9223911 |
|
| 651 | 4 |
_aБългария _9241624 |
|
| 653 | _aГеорги Мамарчев | ||
| 653 | _aроманизувани биографии | ||
| 653 | _aреволюционери | ||
| 653 | _aбългарска история | ||
| 653 | _aосманско владичество | ||
| 700 | 1 |
_aНейков, Христо Нейков _eхудож. _9372567 |
|
| 852 | _aЦб 84618 | ||
| 856 | 4 |
_qpdf _i0.00 _ldisable |
|
| 856 | 4 |
_qpdf _i0.00 _ldisable |
|
| 942 |
_cKNG _n0 _s1 |
||
| 944 |
_aCR _c01.06.2015 _lф / _kЛюдмила_Стоянова |
||
| 944 |
_aED _c12.09.2017 _lф / _kПенка_Димитрова |
||
| 999 | _d168175 | ||